书目信息 |
| 题名: |
国内外收录机电路图集
|
|
| 作者: | ;家电维修资料编辑组 编 | |
| 分册: | 3 | |
| 出版信息: | 成都 四川科学技术出版社 1986 |
|
| 页数: | 77页 | |
| 开本: | 34cm | |
| 丛书名: | ||
| 单 册: | ||
| 中图分类: | TN912.22 , TN646-64 | |
| 科图分类: | ||
| 主题词: | 收录两用机-电路图 , 电路图-收录两用机 , 电声器件 | |
| 电子资源: | ||
| ISBN: | ||
| 000 | 00795nam0 2200277 45 | |
| 001 | 0186001561 | |
| 005 | 20040518084744.3 | |
| 010 | @dCNY3.00 | |
| 091 | @a15298.134 | |
| 100 | @a19901014d1986 em y0chiy0121 ea | |
| 101 | 0 | @achi |
| 102 | @aCN@b510000 | |
| 105 | @ay z 000yy | |
| 106 | @ar | |
| 200 | 10 | @a国内外收录机电路图集@Aguo nei wai shou lu ji dian lu tu ji@h3@f家电维修资料编辑组编 |
| 210 | @a成都@c四川科学技术出版社@d1986 | |
| 215 | @a77页@d34cm | |
| 606 | @a收录两用机-电路图 | |
| 606 | @a电路图-收录两用机 | |
| 606 | 0 | @a电声器件 |
| 690 | @aTN912.22@v3 | |
| 690 | @aTN646-64 | |
| 711 | 02 | @a家电维修资料编辑组@Ajia dian wei xiu zi liao bian ji zu@4编 |
| 801 | 0 | @aCN@b深圳图书馆@c20040518 |
| 801 | 2 | @aCN@bNLC@c20040518 |
| 905 | @f2@b238557-558@dTN646-64@e53:3 | |
| 国内外收录机电路图集.3/家电维修资料编辑组编.-成都:四川科学技术出版社,1986 |
| 77页;34cm |
| ISBN :CNY3.00 |
| ● |
| 相关链接 |
|
|
|
|
正题名:国内外收录机电路图集
索取号:TN646-64/53:3
 
预约/预借
| 序号 | 登录号 | 条形码 | 馆藏地/架位号 | 状态 | 备注 |
| 1 | 0238557 | 001327184 | 第三借阅区/ [索取号:TN646-64/53:3] | 在馆 | |
| 2 | 0238558 | 001354867 | 第三借阅区/ [索取号:TN646-64/53:3] | 在馆 | |
| 3 | 0238559 | 000701182 | 第二样本阅览室/ [索取号:TN646-64/53:3] | 在馆 |